Katalog der Stempelmarken von Deutschland vol 14 Rentenversicherungsmarken (1994) (Record no. 1833)
[ view plain ]
| 000 -LEADER | |
|---|---|
| fixed length control field | 00380nam a22000977a 4500 |
| 008 - FIXED-LENGTH DATA ELEMENTS--GENERAL INFORMATION | |
| fixed length control field | 160314b xxu||||| |||| 00| 0 eng d |
| 100 ## - MAIN ENTRY--AUTHOR'S NAME | |
| Author's Name | Erler, Martin |
| 245 ## - TITLE STATEMENT | |
| Title | Katalog der Stempelmarken von Deutschland vol 14 Rentenversicherungsmarken (1994) |
| Remainder of title | Catalog of German revenues - Social Insurance stamps |
| 260 ## - PUBLICATION, DISTRIBUTION, ETC. (IMPRINT) | |
| Place of publication, distribution, etc. | Ickingen, Germany |
| Name of publisher, distributor, etc. | ORA Verlag |
| Date of publication, distribution, etc. | 1994 |
| 650 ## - TOPICAL TERM (Tag) | |
| Topical term or geographic name | Social insurance stamps |
| Withdrawn status | Lost status | Source of classification or shelving scheme | Damaged status | Koha normalized classification for sorting | Not for loan | Permanent Location | Current Location | Date acquired | Total Checkouts | Full call number | Barcode | Date last seen | Copy number | Price effective from |
|---|---|---|---|---|---|---|---|---|---|---|---|---|---|---|
| G6081 R451 E69 | Northern Philatelic Library | Northern Philatelic Library | 03/14/2016 | G6081 .R451 E69 | 1002092 | 03/14/2016 | 1 | 03/14/2016 | ||||||
| G6081 R451 E69 | Northern Philatelic Library | Northern Philatelic Library | 03/14/2016 | G6081 .R451 E69 | 1002093 | 03/14/2016 | 2 | 03/14/2016 |